Catálogo

Vista normal Vista MARC

Entrada Personal Name

Número de registros utilizados en: 2

001 - CONTROL NUMBER

  • control field: 17228

003 - CONTROL NUMBER IDENTIFIER

  • control field: DLC

005 - DATE AND TIME OF LATEST TRANSACTION

  • control field: 20250619132903.0

008 - FIXED-LENGTH DATA ELEMENTS

  • fixed length control field: 860725n| azannaabn |n aaa

010 ## - LIBRARY OF CONGRESS CONTROL NUMBER

  • LC control number: n 86130871

035 ## - SYSTEM CONTROL NUMBER

  • System control number: (OCoLC)oca01670914

040 ## - CATALOGING SOURCE

  • Original cataloging agency: DNLM
  • Language of cataloging: spa
  • Description conventions: rda
  • Transcribing agency: Mx-PuUPA
  • Modifying agency: DNLM
  • Modifying agency: Mx-PuUPA

100 1# - HEADING--PERSONAL NAME

  • Personal name: Kurman, Robert J.,

374 ## - OCCUPATION

  • Occupation: Autor

375 ## - GENDER

  • Gender: hombre

377 ## - ASSOCIATED LANGUAGE

  • Language code: eng

670 ## - SOURCE DATA FOUND

  • Source citation: Blaustein's pathology of the female genital tract, c1987:
  • Information found: CIP t.p. (Robert J. Kurman, M.D.) t.p. verso (Dept. of OB and GYN, Georgetown Univ. Hosp., Wash., D.C.)